[Event "Maastricht Limburg op-B 9th"]
[White "Sofic, Narcis"]
[Black "Broekhuis, Jan"]
[Site "Maastricht"]
[Round "7"]
[Result "1-0"]
[Date "2015.05.25"]
[WhiteElo "1941"]
[BlackElo "1865"]
[PlyCount "115"]
[EventDate "2015.05.22"]
[EventType "swiss"]
[EventRounds "7"]
[EventCountry "NED"]
[SourceTitle "EXT 2016"]
[Source "ChessBase"]
[SourceDate "2015.10.08"]
[SourceVersion "1"]
[SourceVersionDate "2015.10.08"]
[SourceQuality "1"]

1. g3 Nf6 2. Bg2 d6 3. d4 Nbd7 4. Nf3 e6 5. 0-0 Be7 6. c4 0-0 7. Nc3 c6 8. b3 Qc7 9. Bb2 b6 10. Rc1 Bb7 11. e4 e5 12. d5 c5 13. Nh4 g6 14. Rc2 Ne8 15. Bc1 Bxh4 16. gxh4 Ng7 17. f4 exf4 18. Bxf4 Ne5 19. Bxe5 dxe5 20. Qe1 Rad8 21. Bf3 h5 22. Qe3 Bc8 23. Qg5 Kh7 24. Kh1 Rde8 25. Rg1 Qe7 26. Qg3 Bd7 27. Rd2 Qd6 28. Rdg2 a6 29. a4 Rb8 30. Qg5 b5 31. axb5 axb5 32. Ne2 bxc4 33. bxc4 Rb3 34. Rf2 Bc8 35. Ng3 Qd8 36. Qxe5 Qxh4 37. Qd6 Re8 38. Bd1 Rb7 39. Qxc5 Bg4 40. Qd6 Bxd1 41. Rxd1 Qg4 42. Rdf1 h4 43. Rf4 Qh3 44. Qf6 Qc8 45. Rxh4+ Kg8 46. Rc1 Qc5 47. Rf4 Qe3 48. Rcf1 Qd2 49. c5 Ra8 50. c6 Rba7 51. R4f2 Qd3 52. Qf3 Qd4 53. Rd1 Ra1 54. Qxf7+ Kh7 55. Rxa1 Rxa1+ 56. Kg2 Qb6 57. Qf8 Qe3 58. c7 1-0

[Event "Maastricht Limburg op-B 9th"]
[White "Sofic, Narcis"]
[Black "Bishoen, Bob"]
[Site "Maastricht"]
[Round "4"]
[Result "1-0"]
[Date "2015.05.24"]
[WhiteElo "1941"]
[BlackElo "1932"]
[PlyCount "149"]
[EventDate "2015.05.22"]
[EventType "swiss"]
[EventRounds "7"]
[EventCountry "NED"]
[SourceTitle "EXT 2016"]
[Source "ChessBase"]
[SourceDate "2015.10.08"]
[SourceVersion "1"]
[SourceVersionDate "2015.10.08"]
[SourceQuality "1"]

1. g3 d5 2. Bg2 c5 3. c4 e6 4. cxd5 exd5 5. d4 Nc6 6. Nf3 Bd6 7. Nc3 Nge7 8. 0-0 0-0 9. Nb5 c4 10. Nxd6 Qxd6 11. Bf4 Qb4 12. Qd2 Qxd2 13. Bxd2 Bg4 14. e3 a5 15. h3 Bf5 16. a3 b5 17. Rfc1 f6 18. Ne1 Be4 19. Kf1 Bxg2+ 20. Nxg2 Kf7 21. Nf4 g5 22. Ne2 Ke6 23. Nc3 Rab8 24. Ke2 Nf5 25. Rf1 Rb7 26. g4 Nd6 27. f4 Ne4 28. Nxe4 dxe4 29. fxg5 f5 30. Rf4 Rbf7 31. Raf1 fxg4 32. Rxe4+ Kd5 33. Rxf7 Rxf7 34. Rxg4 b4 35. g6 hxg6 36. Rg5+ Rf5 37. Rxf5+ gxf5 38. axb4 axb4 39. Kf3 b3 40. h4 Ke6 41. h5 Kf6 42. Kf4 Ne7 43. e4 fxe4 44. Kxe4 Nf5 45. Kd5 Ng3 46. Kxc4 Nxh5 47. Kxb3 Ke6 48. Kc4 Nf6 49. b4 Kd6 50. Bf4+ Kc6 51. b5+ Kb6 52. Bd6 Nd7 53. Bc5+ Kc7 54. b6+ Kc6 55. d5+ Kb7 56. Kd4 Ka6 57. Kc4 Kb7 58. Kb5 Ne5 59. Bd6 Nd7 60. Bc7 Nf6 61. Kc5 Ne4+ 62. Kd4 Nf6 63. Ke5 Nd7+ 64. Ke6 Nc5+ 65. Ke7 Kc8 66. d6 Kb7 67. d7 Nxd7 68. Kxd7 Ka8 69. Kd6 Kb7 70. Kc5 Ka8 71. Bd8 Kb7 72. Bh4 Ka8 73. Kc6 Kb8 74. Bg3+ Ka8 75. b7+ 1-0

[Event "Maastricht Limburg op-B 9th"]
[White "Sofic, Narcis"]
[Black "Blijlevens, Pim"]
[Site "Maastricht"]
[Round "2"]
[Result "1/2-1/2"]
[Date "2015.05.23"]
[WhiteElo "1941"]
[BlackElo "1943"]
[PlyCount "49"]
[EventDate "2015.05.22"]
[EventType "swiss"]
[EventRounds "7"]
[EventCountry "NED"]
[SourceTitle "EXT 2016"]
[Source "ChessBase"]
[SourceDate "2015.10.08"]
[SourceVersion "1"]
[SourceVersionDate "2015.10.08"]
[SourceQuality "1"]

1. g3 f5 2. Bg2 Nf6 3. e3 e5 4. d4 Nc6 5. Ne2 exd4 6. Nxd4 Nxd4 7. Qxd4 Be7 8. c4 0-0 9. Nc3 c6 10. 0-0 Qc7 11. a3 d6 12. b4 Be6 13. Bb2 Rfd8 14. Rfc1 Bf8 15. Ne2 Qd7 16. Qf4 Qf7 17. Nd4 g6 18. Nxe6 Qxe6 19. Bd4 Ne4 20. Bxe4 Qxe4 21. Qxe4 fxe4 22. Rd1 Kf7 23. Rd2 Ke6 24. Rad1 Be7 25. Kg2 1/2-1/2

[Event "Maastricht Limburg op-B 9th"]
[White "Visse, Bernard"]
[Black "Sofic, Narcis"]
[Site "Maastricht"]
[Round "3"]
[Result "0-1"]
[Date "2015.05.23"]
[WhiteElo "1723"]
[BlackElo "1941"]
[PlyCount "74"]
[EventDate "2015.05.22"]
[EventType "swiss"]
[EventRounds "7"]
[EventCountry "NED"]
[SourceTitle "EXT 2016"]
[Source "ChessBase"]
[SourceDate "2015.10.08"]
[SourceVersion "1"]
[SourceVersionDate "2015.10.08"]
[SourceQuality "1"]

1. d4 d5 2. Bf4 Nf6 3. e3 c6 4. c3 Bf5 5. Nd2 e6 6. Ngf3 h6 7. Ne5 Nbd7 8. Bg3 Nxe5 9. Bxe5 Nd7 10. Bg3 Be7 11. Nf3 0-0 12. Bd3 Bxd3 13. Qxd3 Nf6 14. Nd2 c5 15. Qe2 cxd4 16. exd4 a6 17. 0-0 b5 18. a3 Qb6 19. b4 Rfc8 20. Rac1 a5 21. Nb3 axb4 22. axb4 Rc4 23. Qb2 Rcc8 24. Nc5 Ra7 25. Ra1 Rca8 26. Rxa7 Qxa7 27. Qe2 Qb6 28. Be5 Qc6 29. Qb2 Nd7 30. Bg3 Nb6 31. Ra1 Nc4 32. Rxa8+ Qxa8 33. Qc1 Qa2 34. f4 Bd6 35. Be1 Qe2 36. g3 Ne3 37. Bf2 Nd1 0-1

[Event "Maastricht Limburg op-B 6th"]
[White "Sofic, Narcis"]
[Black "Moog, Gerhard"]
[Site "Maastricht"]
[Round "5"]
[Result "1-0"]
[Date "2012.05.27"]
[WhiteElo "1871"]
[BlackElo "1964"]
[PlyCount "161"]
[EventDate "2012.05.25"]
[EventType "swiss"]
[EventRounds "7"]
[EventCountry "NED"]
[SourceTitle "EXT 2013"]
[Source "ChessBase"]
[SourceDate "2012.11.22"]
[SourceVersion "1"]
[SourceVersionDate "2012.11.22"]
[SourceQuality "1"]

1. Nf3 d5 2. d4 c6 3. c4 e6 4. e3 Nf6 5. Nc3 g6 6. Bd3 Bg7 7. 0-0 0-0 8. Qe2 Nbd7 9. Rd1 Re8 10. cxd5 exd5 11. Qc2 Nb6 12. h3 Bd7 13. Ne5 Rc8 14. Na4 Ne4 15. Nxd7 Qxd7 16. Nc5 Nxc5 17. Qxc5 Qc7 18. Bd2 Nd7 19. Qc2 f5 20. Rac1 Bf8 21. b4 a6 22. a4 Nf6 23. b5 axb5 24. axb5 Qd7 25. Qb3 Re6 26. bxc6 bxc6 27. Rc2 Ne4 28. Be1 c5 29. dxc5 Nxc5 30. Qb5 Qxb5 31. Bxb5 Rb6 32. Be2 Ra8 33. Rcd2 Rab8 34. Rxd5 Rb1 35. Rxb1 Rxb1 36. Rd1 Rxd1 37. Bxd1 Bd6 38. Kf1 Kf7 39. Ke2 Kf6 40. Bc3+ Be5 41. Bb4 Bd6 42. Be1 g5 43. f3 h5 44. Bc2 g4 45. Bh4+ Ke6 46. hxg4 hxg4 47. fxg4 fxg4 48. Bg6 Nd7 49. e4 Ne5 50. Bf5+ Kf7 51. Bg3 Kf6 52. Bxg4 Nxg4 53. Bxd6 Ke6 54. Bf4 Nf6 55. Kf3 Nd7 56. g4 Nf8 57. g5 Ng6 58. Kg4 Kf7 59. Bd6 Ke6 60. Kh5 Kf7 61. Kh6 Nh8 62. Be5 Ng6 63. Bf6 Nf8 64. e5 Ne6 65. g6+ Kg8 66. Kh5 Kf8 67. Kg4 Kg8 68. Kf5 Nd4+ 69. Ke4 Ne6 70. Kf5 Nd4+ 71. Kg5 Ne6+ 72. Kh6 Nd4 73. Kh5 Ne6 74. Kg4 Nd4 75. Kf4 Ne6+ 76. Ke4 Kf8 77. g7+ Kf7 78. Kd5 Nf4+ 79. Kd6 Kg8 80. e6 Nh5 81. Be5 1-0

[Event "Maastricht Limburg op-B 6th"]
[White "Sofic, Narcis"]
[Black "Dijkhuis, Sven"]
[Site "Maastricht"]
[Round "3"]
[Result "1-0"]
[Date "2012.05.26"]
[WhiteElo "1871"]
[BlackElo "1712"]
[PlyCount "55"]
[EventDate "2012.05.25"]
[EventType "swiss"]
[EventRounds "7"]
[EventCountry "NED"]
[SourceTitle "EXT 2013"]
[Source "ChessBase"]
[SourceDate "2012.11.22"]
[SourceVersion "1"]
[SourceVersionDate "2012.11.22"]
[SourceQuality "1"]

1. Nf3 Nf6 2. d4 g6 3. g3 Bg7 4. Bg2 0-0 5. c4 d5 6. Nc3 dxc4 7. Qa4 c6 8. Qxc4 Nbd7 9. 0-0 Nb6 10. Qd3 Be6 11. b3 Nbd5 12. Nxd5 Bxd5 13. Be3 Rc8 14. Bh3 e6 15. Rad1 Qa5 16. Qd2 Qa6 17. Ne5 Ne4 18. Qb2 Rfd8 19. f3 Nd6 20. Bf2 f6 21. Nd3 f5 22. Nc5 Qb6 23. Qc2 e5 24. dxe5 Bxe5 25. Ne6 Qa6 26. Nxd8 Rxd8 27. Bg2 Be6 28. Qc5 1-0